Premier League Clubs Have Joined UEFA CL - Sudden Death - Statistics

General Stats
  • This quiz has been taken 91 times
  • The average score is 8 of 11
Answers on the Grid
Answers color-coded by a green-red scale on the quiz's grid according to % correct below.
Arsenal
Aston Villa
Blackburn Rovers
Bournemouth
Brighton & Hove Albion
Chelsea
Crystal Palace
Everton
Fulham
Leeds United
Leicester City
Liverpool
Manchester City
Manchester United
Newcastle United
Norwich City
Nottingham Forest
Queens Park Rangers
Sheffield United
Sheffield Wednesday
Southampton
Stoke City
Sunderland
Tottenham Hotspur
West Ham United
Wigan Athletic
Wimbledon
Wolverhampton Wanderers
 
Answer Stats
Answer % Correct
Arsenal
96%
Aston Villa
93%
Chelsea
74%
Liverpool
74%
Manchester City
74%
Manchester United
74%
Leicester City
67%
Newcastle United
67%
Tottenham Hotspur
59%
Blackburn Rovers
44%
Leeds United
30%
No matching quizzes found
Score Distribution
Percent of People with Each Score
Percentile by Number Answered
Your Score History
You have not taken this quiz